000 00653nam a2200217Ii 4500
003 JO-AjNU
008 230606s9999||||xx |||||||||||||| ||und||
020 _a0-415-31768-1
040 _aJO-AjNU
_beng
_erda
_cJO-AjNU
041 _aeng
050 1 4 _aP302.S455 2004
100 3 _aSinclair,John تأليف,
_eauthor
_91653
245 0 0 _aTrust The Text :Languge,Corpus and Discourse
250 _a1 ed
264 3 1 _aNew York:Oxford University Press,2004
300 _a212p
336 _atext
_btxt
_2rdacontent
337 _aunmediated
_bn
_2rdamedia
338 _avolume
_bnc
_2rdacarrier
650 4 _aTrust The Text -Languge-Corpus and Discourse
_91654
999 _aE867
_c867
_d867